Catálogo público

Estudio integral de una unidad de producción agroindustrial : (Record no. 177616)

MARC details
000 -CABECERA
campo de control de longitud fija 02961nam a2200469Ia 4500
001 - NÚMERO DE CONTROL
campo de control dia_7331
003 - IDENTIFICADOR DEL NÚMERO DE CONTROL
campo de control CHAP
005 - FECHA Y HORA DE LA ÚLTIMA TRANSACCIÓN
campo de control 20250730173440.0
007 - CAMPO FIJO DE DESCRIPCIÓN FÍSICA--INFORMACIÓN GENERAL
campo de control de longitud fija ta
008 - DATOS DE LONGITUD FIJA--INFORMACIÓN GENERAL
campo de control de longitud fija 220117s2018 mx bdeof 001 0 spa d
040 ## - FUENTE DE LA CATALOGACIÓN
Centro catalogador/agencia de origen mxchpua
Centro/agencia transcriptor CHAP
090 ## - LOCALMENTE ASIGNADO TIPO-LC NÚMERO DE CLASIFICACIÓN (OCLC); NÚMERO DE CLASIFICACIÓN LOCAL (RLIN)
Número de clasificación (OCLC) (R) ; Numero de clasificación, CALL (RLIN) (NR) T.C.765
Número cutter local (OCLC) ; Número de libro/Signatura topográfica íntegra, CALL (RLIN) R49 EIUPA
Año 2018
245 10 - MENCIÓN DE TÍTULO
Título Estudio integral de una unidad de producción agroindustrial :
Resto del título departamento de Boyacá, Colombia /
Mención de responsabilidad, etc. coordinadora Diana América Reyna Izaguirre ; colaboradores Lucero Isaura Almeraya Soberanes...[y otros]
260 ## - PUBLICACIÓN, DISTRIBUCIÓN, ETC.
Lugar de publicación, distribución, etc. México :
Nombre del editor, distribuidor, etc. El autor
Fecha de publicación, distribución, etc. 2018
300 ## - DESCRIPCIÓN FÍSICA
Extensión 238 hojas :
Otras características físicas ilustraciones, tablas, gráficas, diagramas, mapas, planos, fotos
336 ## - TIPO DE CONTENIDO
Fuente rdacontent
Término de tipo de contenido texto
Código de tipo de contenido txt
337 ## - TIPO DE MEDIO
Fuente rdamedia
Nombre/término del tipo de medio no mediado
Código del tipo de medio n
338 ## - TIPO DE SOPORTE
Fuente rdacarrier
Nombre/término del tipo de soporte volumen
Código del tipo de soporte nc
500 ## - NOTA GENERAL
Nota general Grado: 7° año Grupo: 03
502 ## - NOTA DE TESIS
Nota de tesis Viaje de Estudios
Tipo de título (EIUPA) --
Nombre de la institución que otorga el título UACh. Departamento de Ingeniería Agroindustrial,
Año de obtención del título 2018
504 ## - NOTA DE BIBLIOGRAFÍA, ETC.
Nota de bibliografía, etc. Bibliografía: páginas 234-237
505 00 - NOTA DE CONTENIDO CON FORMATO
Nota de contenido con formato Contiene 11 planos: --<br/>1.Distribución de áreas (Esc. 1:20) --<br/>2.Distribución de equipo ( Esc.1:20) --<br/>3.Diagrama de recorrido (Esc.1.20) --<br/>4.Diagrama de flujo ( Esc.1:20) --<br/>5.Plano de áreas café la montaña ( Esc.1:20) --<br/>6.Diagrama de equipo café la montaña ( Esc.1:20) --<br/>7.Diagrama de recorrido café la montaña ( Esc.1:20) --<br/>8.Distribución de áreas café cultura ( Esc.1:20) --<br/>9.Diagrama de equipo café cultural (Esc. 1:20) --<br/>10.Diagrama de recorrido café cultura (Esc.1:20) --<br/>11.Diagrama de flujo café la montaña y cultura (Esc. 1:20)
650 13 - PUNTO DE ACCESO ADICIONAL DE MATERIA--TÉRMINO DE MATERIA
Término de materia o nombre geográfico como elemento de entrada Miel y productos fabricados por abejas
Subdivisión general Industria y comercio
9 (RLIN) 161677
Subdivisión geográfica Colombia
650 10 - PUNTO DE ACCESO ADICIONAL DE MATERIA--TÉRMINO DE MATERIA
Término de materia o nombre geográfico como elemento de entrada Productos del café
Subdivisión general Industria y comercio
Subdivisión geográfica Colombia
9 (RLIN) 161678
650 10 - PUNTO DE ACCESO ADICIONAL DE MATERIA--TÉRMINO DE MATERIA
Término de materia o nombre geográfico como elemento de entrada Coffee products
Subdivisión general Industry and trade
Subdivisión geográfica Colombia
9 (RLIN) 161675
650 13 - PUNTO DE ACCESO ADICIONAL DE MATERIA--TÉRMINO DE MATERIA
Término de materia o nombre geográfico como elemento de entrada Honey and bee products
Subdivisión general Industry and trade
9 (RLIN) 161676
Subdivisión geográfica Colombia
700 1# - PUNTO DE ACCESO ADICIONAL--NOMBRE DE PERSONA
Nombre de persona Reyna Izaguirre, Diana América
9 (RLIN) 147338
Término indicativo de función/relación coordinadora
700 1# - PUNTO DE ACCESO ADICIONAL--NOMBRE DE PERSONA
Nombre de persona Almeraya Soberanes, Lucero Isaura
9 (RLIN) 161679
856 41 - LOCALIZACIÓN Y ACCESO ELECTRÓNICOS
Identificador Uniforme del Recurso <a href="http://10.13.5.2/ve/TC765EIUPA/TC765EIUPA2018-REPORTE.pdf">http://10.13.5.2/ve/TC765EIUPA/TC765EIUPA2018-REPORTE.pdf</a>
Texto de enlace DESCARGAR REPORTE
856 41 - LOCALIZACIÓN Y ACCESO ELECTRÓNICOS
Identificador Uniforme del Recurso <a href="http://10.13.5.2/ve/TC765EIUPA/TC765EIUPA2018-PLANO-DIAGRAMAFLUJO.pdf">http://10.13.5.2/ve/TC765EIUPA/TC765EIUPA2018-PLANO-DIAGRAMAFLUJO.pdf</a>
Texto de enlace DESCARGAR PLANO DE DIAGRAMA DE FLUJO
856 41 - LOCALIZACIÓN Y ACCESO ELECTRÓNICOS
Identificador Uniforme del Recurso <a href="http://10.13.5.2/ve/TC765EIUPA/TC765EIUPA2018-PLANO-VARIOSPLANOS.pdf">http://10.13.5.2/ve/TC765EIUPA/TC765EIUPA2018-PLANO-VARIOSPLANOS.pdf</a>
Texto de enlace DESCARGAR VARIOS PLANOS
856 41 - LOCALIZACIÓN Y ACCESO ELECTRÓNICOS
Identificador Uniforme del Recurso <a href="http://10.13.5.2/ve/TC765EIUPA/TC765EIUPA2018-PLANO-TERMINADOS.pdf">http://10.13.5.2/ve/TC765EIUPA/TC765EIUPA2018-PLANO-TERMINADOS.pdf</a>
Texto de enlace DESCARGAR PLANOS TERMINADOS
856 41 - LOCALIZACIÓN Y ACCESO ELECTRÓNICOS
Identificador Uniforme del Recurso <a href="http://10.13.5.2/ve/TC765EIUPA/TC765EIUPA2018-PLANO-RECORRIDO.pdf">http://10.13.5.2/ve/TC765EIUPA/TC765EIUPA2018-PLANO-RECORRIDO.pdf</a>
Texto de enlace DESCARGAR PLANO DE RECORRIDO
856 41 - LOCALIZACIÓN Y ACCESO ELECTRÓNICOS
Identificador Uniforme del Recurso <a href="http://10.13.5.2/ve/TC765EIUPA/TC765EIUPA2018-PLANO-DISTRIBUCIONDEAREAS.pdf">http://10.13.5.2/ve/TC765EIUPA/TC765EIUPA2018-PLANO-DISTRIBUCIONDEAREAS.pdf</a>
Texto de enlace DESCARGAR PLANO DE DISTRIBUCIÓN DE ÁREAS
856 41 - LOCALIZACIÓN Y ACCESO ELECTRÓNICOS
Identificador Uniforme del Recurso <a href="http://10.13.5.2/ve/TC765EIUPA/TC765EIUPA2018-PLANO-EQUIPOS.pdf">http://10.13.5.2/ve/TC765EIUPA/TC765EIUPA2018-PLANO-EQUIPOS.pdf</a>
Texto de enlace DESCARGAR PLANO DE EQUIPOS
942 ## - ELEMENTOS DE PUNTO DE ACCESO ADICIONAL (KOHA)
Fuente del sistema de clasificación o colocación Clasificación Universidad Autónoma de Chapingo
901 ## - ELEMENTOS DE DATOS A LOCAL LDA (RLIN)
a T.C.765 R49 EIUPA 2018
902 ## - ELEMENTOS DE DATOS B LOCAL, LDB (RLIN)
a M
905 ## - ELEMENTOS DE DATOS E LOCAL, LDE (RLIN)
a 5232272018 mx emdl8223123322spa16
942 ## - ELEMENTOS DE PUNTO DE ACCESO ADICIONAL (KOHA)
Tipo de ítem Koha Viaje de Estudios
Holdings
Estado de retiro Estado de pérdida Fuente del sistema de clasificación o colocación Estado dañado Restricciones de uso No para préstamo Código de colección Localización permanente Ubicación/localización actual Fecha de adquisición Fuente de adquisición Total de préstamos Signatura topográfica completa Código de barras Fecha visto por última vez Número de copia Precio válido a partir de Tipo de ítem Koha Fecha del último préstamo Ubicación en estantería
    Clasificación Universidad Autónoma de Chapingo   Préstamo interno   Viajes de Estudio Ingenieria Agroindustrial Ingenieria Agroindustrial 18/01/2022 El autor   T.C.765 R49 EIUPA 2018 1106011950 18/01/2022 Ej.2 18/01/2022 CD    
    Clasificación Universidad Autónoma de Chapingo   Préstamo interno   Viajes de Estudio Ingenieria Agroindustrial Ingenieria Agroindustrial 18/01/2022 El autor 2 T.C.765 R49 EIUPA 2018 1106011949 26/01/2026 Ej.1 18/01/2022 Viaje de Estudios 23/08/2022  
    Clasificación Universidad Autónoma de Chapingo       Viajes de estudio - En línea Ingenieria Agroindustrial Ingenieria Agroindustrial 18/01/2022 El autor   T.C.765 R49 EIUPA 2018 1206011949 15/05/2024   15/05/2024 Viajes de Estudio - En línea   En línea